নিম্নবঙ্গে প্রচলিত সাতটি পালাগান : (Record no. 2587)
[ view plain ]
| 000 -LEADER | |
|---|---|
| fixed length control field | 01121nam a22002177a 4500 |
| 003 - CONTROL NUMBER IDENTIFIER | |
| control field | BD-DhJNU |
| 005 - DATE AND TIME OF LATEST TRANSACTION | |
| control field | 20260129042530.0 |
| 008 - FIXED-LENGTH DATA ELEMENTS--GENERAL INFORMATION | |
| fixed length control field | 260129b |||||||| |||| 00| 0 eng d |
| 020 ## - INTERNATIONAL STANDARD BOOK NUMBER | |
| International Standard Book Number | 9788197848155 |
| 040 ## - CATALOGING SOURCE | |
| Original cataloging agency | BD-DhJNU |
| Language of cataloging | ENG |
| Transcribing agency | BD-DhJNU |
| Modifying agency | BD-DhJNU |
| 082 ## - DEWEY DECIMAL CLASSIFICATION NUMBER | |
| Edition number | 23 |
| Classification number | 792.095492 NIM |
| 242 ## - TRANSLATION OF TITLE BY CATALOGING AGENCY | |
| Title | Seven folk plays of lower Bengal : |
| Remainder of title | a collection of folk drama / |
| Statement of responsibility, etc. | edited by Biswajit Halder |
| 245 ## - TITLE STATEMENT | |
| Title | নিম্নবঙ্গে প্রচলিত সাতটি পালাগান : |
| Remainder of title | লোকনাটক সংগ্রহ / |
| Statement of responsibility, etc. | বিশ্বজিৎ হালদার কর্তৃক সম্পাদিত |
| 246 ## - VARYING FORM OF TITLE | |
| Title proper/short title | Nimnobngge prclit satti palagan : |
| Remainder of title | loknatk snggrh / |
| 260 ## - PUBLICATION, DISTRIBUTION, ETC. | |
| Place of publication, distribution, etc. | কলকাতা ঃ |
| Name of publisher, distributor, etc. | যাদবপুর বিশ্ববিদ্যালয় প্রকাশনা, |
| Date of publication, distribution, etc. | 2025. |
| 300 ## - PHYSICAL DESCRIPTION | |
| Extent | ৩৪২পৃ. : |
| Other physical details | চিত্র ; |
| Dimensions | ২৪ সেমি.। |
| 504 ## - BIBLIOGRAPHY, ETC. NOTE | |
| Bibliography, etc. note | নির্ঘন্ট সম্বলিত |
| 650 ## - SUBJECT ADDED ENTRY--TOPICAL TERM | |
| Topical term or geographic name entry element | লোকনাটক |
| 700 ## - ADDED ENTRY--PERSONAL NAME | |
| Personal name | হালদার, বিশ্বজিৎ |
| Relator term | সম্পাদক |
| 942 ## - ADDED ENTRY ELEMENTS (KOHA) | |
| Source of classification or shelving scheme | Dewey Decimal Classification |
| Koha item type | Books |
| Suppress in OPAC | No |
| Withdrawn status | Lost status | Source of classification or shelving scheme | Damaged status | Not for loan | Collection | Home library | Current library | Shelving location | Date acquired | Source of acquisition | Total checkouts | Full call number | Barcode | Date last seen | Copy number | Price effective from | Koha item type |
|---|---|---|---|---|---|---|---|---|---|---|---|---|---|---|---|---|---|
| Dewey Decimal Classification | Non-fiction | Jagannath University Central Library | Jagannath University Central Library | General stacks | 01/29/2026 | Purchased | 792.095492 NIM | JNUCL36191 | 01/29/2026 | 1 | 01/29/2026 | Books |